000 00888nmc a2200325 a 4500
003 AR-BaBNM
005 20251128202737.0
008 147019s1992 ||||||||||||||000 | spa||
020 _a84-7100-490-9
040 _cAR-BaBNM
100 1 _aMartínez Montiel, Luz María
245 1 0 _aNegros en América
250 _a1ª ed.
260 _aMadrid
_bMapfre
_c1992
300 0 _a372 p.
_btablas
490 0 _aAmérica crisol
_vv. 2
500 0 _aApéndices para consultar p. 341-359.
650 4 _aGRUPOS ETNICOS
650 4 _aRELACIONES RACIALES
650 4 _aHISTORIA SOCIAL
650 4 _aHISTORIA POLITICA
650 4 _aHISTORIA DE LAS COSTUMBRES
650 4 _aCOSTUMBRES Y TRADICIONES
650 4 _aANTROPOLOGIA CULTURAL Y SOCIAL
650 4 _aNEGROS
651 4 _aAmérica Latina
800 1 _aGallego, José Andrés
_ecoordinador
942 _cBK
998 _cmariana
999 _c364
_d364